000 00662cam a22002415a 4500
001 58254
003 CO-BoRNBP
005 20250820211942.0
007 ta
008 050426s2005 ck a j 000 j spa u
020 _a9583374350
040 _aCO-BoBN
_bspa
_cCO-BoBN
100 1 0 _aLara, Enrique
_962746
245 1 0 _aEstúpido /
_cEnrique Lara ; ilustraciones, Daniel Padilla
250 _a1a. edición
300 _a[18] p. :
_bil. ;
_c15 x 22 cm
336 _2rdacontent
_atexto
_btxt
337 _2rdamedia
_asin mediación
_bn
338 _2rdacarrier
_avolumen
_bnc
650 _2LEMB
700 1 _aPadilla, Daniel,
_eilustrador
_962747
942 _2ddc
_cBK
999 _c58254
_d58254